000 00466nam a2200145 a 4500
001 000026310
005 20200930024502.0
008 110310s1994 dr 000 0 spa d
040 _aDO-SdBNP
_bspa
_cBNPHU
100 1 _aPrado Flores, José H.
_910971
245 1 0 _aCómo evangelizar a los bautizados :
_bformación de evangelizadores /
_cJosé H. Prado Flores.
260 _aSanto Domingo :
_bEdiciones M. S. C.,
_c1994.
300 _a148 p. ;
_c22 cm.
049 _aBNPD
999 _c25802
_d25802